000 00547nam a2200193 i 4500
001 38392
003 ES-MaACL
005 20250531063025.0
007 t|
008 030225s1960 sp |||| | spa d
080 _a821.134.2-31"19
100 1 _aCabezas, Juan Antonio,
_d1900-1993
_933200
245 1 3 _aLa montaña rebelde
_b: novela /
_cJuan Antonio Cabezas.
260 _aMadrid :
_bEspasa-Calpe,
_c1960.
300 _a367 p. ;
_c24 cm.
586 _aPremio Gabriel Miró
852 _aES-MaACL
_jC-18667
999 _c38392
_d38392